| 000 | 00435nam a22001217a 4500 | ||
|---|---|---|---|
| 082 | _a220 PRO | ||
| 100 |
_aNS SIDRA IJAZ _971214 |
||
| 245 | _aPR-SOF-1742-MODELING & DESIGN OF CUSTOMIZABLE MACHINE MONITORING AND MANAGEMENT APPLICATION BASED ON MTConnect | ||
| 260 |
_aISLAMABAD _bNUST COLLEGE OF EME _c2018 |
||
| 650 | _aDE-COMP-36 DECLASS | ||
| 700 |
_a PROJECT SUPERVISORS Dr. SHOAB AHMED KHAN Dr. USMAN AKRAM _971215 |
||
| 942 | _cCR | ||
| 999 |
_c577856 _d577856 |
||